Iconografia de la sardana en l'obra de Picasso / Josep Mainar, Jaume Vilalta
Publicado:
Barcelona :
Departament de Cultura i Mitjans de Comunicació. Generalitat de Catalunya ,
1981
Descripción Física:
45 p. : il., negre i col. ; 26 cm
Otros Autores:
Vilalta, Jaume
MARC
| LEADER | 00000nam a2200000Ia 4500 | ||
|---|---|---|---|
| 001 | 1570 | ||
| 008 | 160829s1981 xx 000 0 cat d | ||
| 080 | |a B-1-112 | ||
| 100 | |a Mainar, Josep |9 36356 | ||
| 245 | |a Iconografia de la sardana en l'obra de Picasso / Josep Mainar, Jaume Vilalta | ||
| 260 | |a Barcelona : |b Departament de Cultura i Mitjans de Comunicació. Generalitat de Catalunya, |c 1981 | ||
| 300 | |a 45 p. : |b il., negre i col. ; |c 26 cm | ||
| 600 | 0 | |a Picasso, Pablo, |d 1881-1973 |9 53616 | |
| 650 | |a Sardana en l'art |9 36357 | ||
| 700 | |a Vilalta, Jaume |9 36358 | ||
| 710 | 1 | |a Catalunya. |b Departament de Cultura i Mitjans de Comunicació |9 55890 | |
| 901 | |a Arxiu | ||
| 942 | |n 1 | ||
| 952 | |0 0 |1 0 |4 0 |6 B1112 |7 1 |9 47297 |a Arxiu |b Arxiu |d 2016-12-01 |l 0 |o B-1-112 |p 1570 |r 2016-12-01 00:00:00 |w 2016-12-01 |y ARXIU | ||
| 999 | |c 51094 |d 51094 | ||